000 00216nam a2200097Ia 4500
005 20251222114353.0
008 251222s1900||||xx |||||||||||||| ||spa||
082 _aDVD0070/W42G/2001
245 0 _aGallipoli:
942 _cDVD
999 _c1338
_d1338